00285nam a2200121Ia 4500008004100000082001500041100002400056245001400080260003300094300000800127630001400135730001400149100122s9999 xx 000 0 und d b38829a823 aTAGORE RABINDRANATH aTHE WRECK bDREAMLAND PUBLICATIONSc1905 a414 aTHE WRECK aTHE WRECK